Pathfinders face long haul (Record no. 74790)
[ view plain ]
| 000 -LEADER | |
|---|---|
| fixed length control field | 01099cab a2200241 4500 |
| 001 - CONTROL NUMBER | |
| control field | ABS68772 |
| 008 - FIXED-LENGTH DATA ELEMENTS--GENERAL INFORMATION | |
| fixed length control field | 050214n2005 000 0 eng u |
| 035 ## - SYSTEM CONTROL NUMBER | |
| System control number | (Sirsi) u128760 |
| 100 ## - MAIN ENTRY--PERSONAL NAME | |
| Personal name | Schopen, F. |
| 245 ## - TITLE STATEMENT | |
| Title | Pathfinders face long haul |
| 260 ## - PUBLICATION, DISTRIBUTION, ETC. | |
| Date of publication, distribution, etc. | 2005 |
| 490 ## - SERIES STATEMENT | |
| Series statement | Planning (for the Natural and Built Environment) |
| Volume/sequential designation | (1604) 28 January 2005, 19(1) |
| 520 ## - SUMMARY, ETC. | |
| Summary, etc. | Reviews the progress of the government housing market renewal initiative and looks at the cautious assessment by experts of its success so far and the emerging problems. The nine pathfinders have a huge task over a 10 to 15 year period in tackling housing blight in the Midlands and northern England. An ODPM select committee inquiry is to be convened to scrutinise the initiative including the issue of private sector involvement in the pathfinders'long term planning. |
| 590 ## - LOCAL NOTE (RLIN) | |
| Local note | ABS |
| 590 ## - LOCAL NOTE (RLIN) | |
| Local note | RKA |
| 650 ## - SUBJECT ADDED ENTRY--TOPICAL TERM | |
| Topical term or geographic name entry element | MARKET RENEWAL PATHFINDER AREAS |
| 650 ## - SUBJECT ADDED ENTRY--TOPICAL TERM | |
| Topical term or geographic name entry element | REGENERATION PROGRAMMES |
| 650 ## - SUBJECT ADDED ENTRY--TOPICAL TERM | |
| Topical term or geographic name entry element | HOUSING-MARKET |
| 650 ## - SUBJECT ADDED ENTRY--TOPICAL TERM | |
| Topical term or geographic name entry element | MIDLANDS |
| 650 ## - SUBJECT ADDED ENTRY--TOPICAL TERM | |
| Topical term or geographic name entry element | NORTHERN ENGLAND |
| 690 ## - LOCAL SUBJECT ADDED ENTRY--TOPICAL TERM (OCLC, RLIN) | |
| Topical term or geographic name as entry element | REGENERATION |
| 942 ## - ADDED ENTRY ELEMENTS (KOHA) | |
| Suppress in OPAC | 0 |
| Withdrawn status | Lost status | Source of classification or shelving scheme | Damaged status | Not for loan | Home library | Current library | Shelving location | Date acquired | Total Checkouts | Full call number | Barcode | Date last seen | Copy number | Price effective from | Koha item type |
|---|---|---|---|---|---|---|---|---|---|---|---|---|---|---|---|
| Dewey Decimal Classification | London | London | Journal article | 14/02/2005 | ABS68772 | 128760-1001 | 06/08/2019 | 1 | 06/08/2019 | Journal article |